Samachar- patron ki bhasha (Record no. 1398650)

MARC details
000 -LEADER
fixed length control field 00548nam a2200205Ia 4500
005 - DATE AND TIME OF LATEST TRANSACTION
control field 20250508170016.0
008 - FIXED-LENGTH DATA ELEMENTS--GENERAL INFORMATION
fixed length control field 008 250505s9999 xx 000 0 hin d
020 ## - INTERNATIONAL STANDARD BOOK NUMBER
International Standard Book Number 978-81-7055-693-0
037 ## - SOURCE OF ACQUISITION
Stock number Textual
040 ## - CATALOGING SOURCE
Original cataloging agency FEDL
Language of cataloging eng
Transcribing agency FEDL
041 ## - LANGUAGE CODE
Language code of text/sound track or separate title hin
Source of code hin
084 ## - COLON CLASSIFICATION NUMBER
Classification number 070, MRI
Assigning agency FEDL
100 ## - MAIN ENTRY--PERSONAL NAME
Personal name Mrigesh Manik
9 (RLIN) 782700
245 #0 - TITLE STATEMENT
Title Samachar- patron ki bhasha
260 ## - PUBLICATION, DISTRIBUTION, ETC.
Place of publication, distribution, etc. New Delhi, India
Name of publisher, distributor, etc. Vani Prakashan
Date of publication, distribution, etc. 2005
300 ## - PHYSICAL DESCRIPTION
Extent 143p.
365 ## - TRADE PRICE
Price type code INR
Price amount 475
942 ## - ADDED ENTRY ELEMENTS (KOHA)
Koha item type Textual
Classification part 070, MRI
Holdings
Withdrawn status Lost status Damaged status Not for loan Home library Current library Date acquired Cost, normal purchase price Total Checkouts Full call number Barcode Date last seen Price effective from Koha item type
        Department of Education Library Department of Education Library 2025-05-08 475.00   070, MRI EL0092312 2025-05-08 2025-05-08 Textual
Copyright @ Delhi University Library System